Necrología del Excmo. Sr. D. Juan de la Concha Castañeda ... individuo ... de la Real Academia de Ciencias Morales y Políticas / (Record no. 17763)
[ view plain ]
| 000 -LEADER | |
|---|---|
| campo de control de longitud fija | 00836nam a2200205 i 4500 |
| 001 - NÚMERO DE CONTROL | |
| campo de control | 17763 |
| 003 - IDENTIFICADOR DE NÚMERO DE CONTROL | |
| campo de control | ES-MaACL |
| 005 - FECHA Y HORA DE LA ÚLTIMA TRANSACCIÓN | |
| campo de control | 20250925063030.0 |
| 007 - CAMPO FIJO DE DESCRIPCIÓN FÍSICA--INFORMACIÓN GENERAL | |
| campo de control de longitud fija | t| |
| 008 - DATOS DE LONGITUD FIJA--INFORMACIÓN GENERAL | |
| campo de control de longitud fija | 010521s1904 sp ||||1| spa d |
| 080 ## - NÚMERO DE LA CLASIFICACIÓN DECIMAL UNIVERSAL | |
| Número de la Clasificación Decimal Universal | 929 Concha Castañeda, Juan de la |
| 100 1# - ENTRADA PRINCIPAL--NOMBRE DE PERSONA | |
| Nombre de persona | Sanz y Escartín, Eduardo, |
| Fechas asociadas al nombre | 1855-1939 |
| 9 (RLIN) | 103695 |
| 245 10 - MENCIÓN DEL TÍTULO | |
| Título | Necrología del Excmo. Sr. D. Juan de la Concha Castañeda ... individuo ... de la Real Academia de Ciencias Morales y Políticas / |
| Mención de responsabilidad, etc. | leída .. por ... Eduardo Sanz y Escartín. |
| 260 ## - PUBLICACIÓN, DISTRIBUCIÓN, ETC. | |
| Lugar de publicación, distribución, etc. | Madrid : |
| Nombre del editor, distribuidor, etc. | [s.n.], |
| Fecha de publicación, distribución, etc. | 1904 ( |
| Fabricante | Imp. del Asilo de Huérfanos del S. C. de Jesús) |
| 300 ## - DESCRIPCIÓN FÍSICA | |
| Extensión | 23 p. ; |
| Dimensiones | 27 cm. |
| 600 14 - PUNTO DE ACCESO ADICIONAL DE MATERIA--NOMBRE DE PERSONA | |
| Nombre de persona | Concha Castañeda, Juan de la. |
| 9 (RLIN) | 40074 |
| 710 2# - ENTRADA AGREGADA--NOMBRE DE ENTIDAD CORPORATIVA | |
| Nombre de entidad corporativa o nombre de jurisdicción como elemento de entrada | Real Academia de Ciencias Morales y Políticas (España) |
| 9 (RLIN) | 222050 |
| 852 ## - LOCALIZACIÓN | |
| Ubicación | ES-MaACL |
| Número de control de estantería | 2165-F-20 |
| Estatus retirado | Estado de pérdida | Estado de daño | No para préstamo | Colección | Biblioteca de origen | Biblioteca actual | Ubicación en estantería | Fecha de adquisición | Fuente de adquisición | Total de préstamos | Signatura topográfica completa | Código de barras | Visto por última vez | Precio de reemplazo | Tipo de ítem Koha |
|---|---|---|---|---|---|---|---|---|---|---|---|---|---|---|---|
| Colección de folletos | Biblioteca del Ateneo de Madrid | Biblioteca del Ateneo de Madrid | Depósito folletos | 17/01/2008 | 2165-F-20 | 1018132 | 23/02/2023 | 23/02/2023 | Folleto |
